01376nam a2200241 a 450000100100000000500170001000800410002704000250006808200230009310000340011624500660015026000740021630000210029050400410031165000610035265000470041365000420046065000420050295201510054495202150069595202070091099900170111700002567720240319191734.0090706s1992 dr 001 0 spa d aDO-SdBNPbspacBNPHU a339.2097293bR789d1 aRosario, Esteband1953-9933014aLos dueños de la República Dominicana /cEsteban Rosario. aSanto Domingo :bServicios Gráficos Oriental,c1992fEditora Búho a214 p. ;c22 cm. aIncluye referencias bibliográficas 4aDistribución del ingresozRepública Dominicana96293 4aCapitalistaszRepública Dominicana99331 4aRiquezazRepública Dominicana99332 4aPobrezazRepública Dominicana92079 00102ddc56708DSaBNPHUbBNPHUcHDd2011-05-30l0oBNPHU DS 339.2097293 R789dp25677-30r2020-06-25te. 3w2020-06-25yLBS1ZPréstamo en sala 00102ddc51708PDaBNPHUbBNPHUcHDd2011-02-21eDonaciónl0oBNPHU PD 339.2097293 R789dp25677-10r2020-06-25w2020-06-25yLBS1zPerteneció a la biblioteca personal de Germán Emilio OrnesZNo se presta 00102ddc51708PDaBNPHUbBNPHUcHDd2011-03-24l0oBNPHU PD 339.2097293 R789dp25677-20r2020-06-25te. 2w2020-06-25yLBS1zPerteneció a la bibliteca personal de la Flia. Reyes DulucZNo se presta c25169d25169